000 00652nam a2200193 i 4500
001 39896
003 ES-MaACL
005 20250804063356.0
007 t|
008 030304s1973 sp ||||1| cat d
100 1 _aCandel, Francisco,
_d1925-2007
_934448
245 1 0 _aEncara més sobre els altres catalans /
_cper Francesc Candel ; [traduit del castellá per Ramón Folch i Camarasa].
260 _aBarcelona :
_bCurial,
_c1973.
300 _a362 p. ;
_c18 cm.
651 4 _aCataluña-
_xSituación social.
_9165745
700 1 _aFolch i Camarasa, Ramon,
_d1926-
_951450
852 _aES-MaACL
_jC-53079
_bR.85372
999 _c39896
_d39896